Churchill (Record no. 225321)

MARC details
000 -LEADER
fixed length control field 00356nam a2200145Ia 4500
008 - FIXED-LENGTH DATA ELEMENTS--GENERAL INFORMATION
fixed length control field 230917s9999||||xx |||||||||||||| ||und||
040 ## - CATALOGING SOURCE
-- 49590
Original cataloging agency VIVEKANANDA LIBRARY
041 ## - Language
-- English
082 ## - DDC NUMBER
Classification number 942.082092 J721C
100 ## - MAIN ENTRY--PERSONAL NAME
Personal name Jones, Madeline
245 #0 - TITLE STATEMENT
Title Churchill
260 ## - PUBLICATION, DISTRIBUTION, ETC. (IMPRINT)
Place of publication, distribution, etc London
Name of publisher, distributor, etc Batsford Academic & Educational
Date of publication, distribution, etc 1980
300 ## - PHYSICAL DESCRIPTION
Pages 80 p.
942 ## - ADDED ENTRY ELEMENTS (KOHA)
Koha item type Books
Holdings
Withdrawn status Lost status Damaged status Not for loan Location (home branch) Sublocation or collection (holding branch) Date acquired Koha issues (times borrowed) Koha full call number Accession No. Koha date last seen Koha item type
        VIVEKANANDA LIBRARY VIVEKANANDA LIBRARY 09/12/2002   942.082092 J721C 92182 17/09/2023 Books
© Designed and Maintained by Vivekananda Library, MDU Rohtak